Faktory ovplyvňujúce kariérnu špecializáciu zamestnancov smerom k informačným technológiám vo vybranom podniku diplomová práca
Enregistré dans:
| Auteur principal: | |
|---|---|
| Collectivité auteur: | |
| Autres auteurs: | |
| Format: | Livre |
| Langue: | slovaque |
| Publié: |
Bratislava
2025
|
| Tags: |
Pas de tags, Soyez le premier à ajouter un tag!
|
MARC
| LEADER | 00000nbm a2200000 4500 | ||
|---|---|---|---|
| 001 | 0309758 | ||
| 005 | 20260114093322.2 | ||
| 041 | 0 | |a slo | |
| 044 | |a SK | ||
| 245 | 1 | 0 | |a Faktory ovplyvňujúce kariérnu špecializáciu zamestnancov smerom k informačným technológiám vo vybranom podniku |b diplomová práca |c Tatiana Vráblová ; školiteľ: Róbert Hanák |
| 264 | 1 | |a Bratislava |c 2025 | |
| 300 | |a 72 s. | ||
| 100 | 1 | |a Vráblová, Tatiana | |
| 700 | 1 | |a Hanák, Róbert, 1979- | |
| 710 | 2 | |a Fakulta podnikového manažmentu EU. Katedra informačného manažmentu | |